|
|
|
|
| LEADER |
00000nab a2200000 a 4500 |
| 001 |
vtls008872235 |
| 003 |
SK-MaSNL |
| 005 |
20260304144351.0 |
| 008 |
250505c2006 xo mr|p|||||||000 b|slo |
| 015 |
|
|
|a SNBRB2006/11
|2 snkbucl
|
| 035 |
|
|
|a (uuid)746f1c9f-8b82-489a-83f0-99fc979dec87
|
| 035 |
|
|
|a urn:nbn:sk:snk-abc0vy
|
| 035 |
|
|
|a (urnnbn)urn:nbn:sk:snk:ar-004fl7
|
| 038 |
|
|
|a SNKBUCL
|
| 040 |
|
|
|a SNKBUCL
|b slo
|c SNKBUCL
|e AACR2
|
| 041 |
0 |
|
|a slo
|
| 044 |
|
|
|a xo
|c SK
|
| 080 |
|
|
|a 82:929:821.162.4
|2 1997
|
| 080 |
|
|
|a 821.162.4:929
|2 1997
|
| 080 |
|
|
|a 82.0:81`255.4
|2 1997
|
| 080 |
|
|
|a 81`255.4-051
|2 1997
|
| 080 |
|
|
|a 929 Václav, Melichar
|2 1997
|
| 100 |
1 |
|
|a Samcová, Jarmila,
|d 1939-2017
|4 aut
|9 256420
|
| 245 |
1 |
0 |
|a Blahoželáme
|c J. Samcová
|
| 300 |
|
|
|b Fotogr.
|
| 600 |
1 |
7 |
|a Václav, Melichar,
|d 1916-2013
|2 snkbucl
|9 52386
|
| 773 |
0 |
|
|t Revue svetovej literatúry
|g Roč. XLII, č. 3 (2006), s. 2 obál.
|
| 850 |
|
|
|a Slovenská národná knižnica
|
| 852 |
|
|
|a Slovenská národná knižnica
|
| 958 |
|
|
|a article15
|
| 958 |
|
|
|a OND
|
| 958 |
|
|
|a LX
|
| 958 |
|
|
|a SK
|
| 958 |
|
|
|a BX
|
| 958 |
|
|
|a EUIPO
|
| 999 |
|
|
|c 2930913
|d 2932843
|